| 000 | 00833nam a22001937a 4500 | ||
|---|---|---|---|
| 005 | 20260113111621.0 | ||
| 010 | _aHIN-130783 | ||
| 020 |
_c650.00 _a9789392325793 |
||
| 035 | _aHN-103129 | ||
| 037 | _bDBAD | ||
| 082 | _a238.33 | ||
| 100 |
_aपरिहार, आदेश _986312 |
||
| 245 |
_aमहर्षि दयानंद राष्ट्रवाद के समर्थक / _cआदेश परिहार |
||
| 250 | _aप्रथम | ||
| 260 |
_aनई दिल्ली _bअनुराग प्रकाशन _c2024 |
||
| 270 |
_a4760-61,23 अंसारी रोड , दरियागंज , _bनई दिल्ली _e110002 |
||
| 300 |
_a200पृ. _c22सेमी (सजिल्द) |
||
| 942 |
_2ddc _cHN _h238.33 _mपरिहा |
||
| 999 |
_c214084 _d214084 |
||